Bilecik Bilecik Bilecik Bilecik Bilecik

Açıklamalı Osmanlı fetvaları 2/ (Record no. 40436)

MARC details
000 -BAŞLIK
Sabit Uzunluktaki Kontrol Alanı 01484nam a22004217a 4500
001 - KONTROL NUMARASI
Control Dosyası 0040563
003 - KONTROL NUMARASI KİMLİĞİ
Kontrol Alanı KOHA_MİRAKIL
005 - EN SON İŞLEM TARİHİ ve ZAMANI
Kontrol Alanı 20260207003205.0
007 - FİZİKSEL TANIM SABİT ALAN - GENEL BİLGİ
Sabit uzunluklu kontrol alanı ta
008 - SABİT UZUNLUKTAKİ VERİ ÖGELERİ - GENEL BİLGİ
Sabit Alan 130730b2012 tu |||gr||||#||||0|tur |
020 ## - ISBN - ULUSLARARASI STANDART KİTAP NUMARASI
Isbn 9756444795
040 ## - KATALOGLAMA KAYNAĞI
Özgün Kataloglama Kurumu TR-BiSEU
Kataloglama Dili tur
Çeviri Kurumu TR-BiSEU
Açıklama Kuralları rda
041 0# - DİL KODU
Metin ya da ses kaydının dil kodu tur
044 ## - YAYINLAYAN/ÜRETEN KURULUŞUN ÜLKE KODU
ISO country code tu
050 ## - SINIFLAMA ve YER NUMARASI
Sınıflama Numarası BP165.5
Yer Numarası .D46 2012
100 1# - KİŞİ ADI
Yazar Adı (Kişi adı) Demirtaş, H.Necâti.
245 1# - ESER ADI BİLDİRİMİ
Başlık Açıklamalı Osmanlı fetvaları 2/
Sorumluluk Bildirimi H.Necâti Demirtaş ; H.Necâti Demirtaş.
264 #1 - ÜRERİM, YAYIN, DAĞITIM ve TELİF BİLDİRİMİ
Yayın yeri İstanbul :
Yayınlayan Kubbealtı Yayın
Yayın tarihi 2012
300 ## - FİZİKSEL TANIMLAMA
Sayfa, Cilt vb. 677 sayfa ;
Boyutları 24 cm.
336 ## - İÇERİK TÜRÜ
Content type term metin
Content type code txt
Source rdacontent
337 ## - MEDYA TÜRÜ
Media type term aracısız
Media type code n
Source rdamedia
338 ## - TAŞIYICI TÜRÜ
Carrier type term cilt
Carrier type code nc
Source rdacarrier
490 1# - DİZİ BİLDİRİMİ
Dizi Bildirimi Kubbealtı Neşriyatı ;
Cilt Numarası No.
490 1# - DİZİ BİLDİRİMİ
Dizi Bildirimi 181.
500 ## - GENEL NOT
Genel Not Dizin var.
650 #0 - KONU BAŞLIĞI EK GİRİŞ - KONU TERİMİ
Konusal terim veya coğrafi ad İslam hukuku--Türkiye--Yorum ve yapı--Kaynaklar.
9 (RLIN) 75143
650 #0 - KONU BAŞLIĞI EK GİRİŞ - KONU TERİMİ
Konusal terim veya coğrafi ad Fatwas--Turkey--History.
9 (RLIN) 75144
650 #0 - KONU BAŞLIĞI EK GİRİŞ - KONU TERİMİ
Konusal terim veya coğrafi ad Islamic law--Turkey--Interpretation and construction--Sources.
9 (RLIN) 75145
650 #0 - KONU BAŞLIĞI EK GİRİŞ - KONU TERİMİ
Konusal terim veya coğrafi ad Fetvalar--Türkiye--Tarih.
9 (RLIN) 75146
650 #0 - KONU BAŞLIĞI EK GİRİŞ - KONU TERİMİ
Konusal terim veya coğrafi ad İslam Hukuku--Türkiye--Yorum ve Yapı--Kaynaklar.
9 (RLIN) 75147
650 #0 - KONU BAŞLIĞI EK GİRİŞ - KONU TERİMİ
Konusal terim veya coğrafi ad Fetvalar--Türkiye--Tarih.
9 (RLIN) 75146
650 #0 - KONU BAŞLIĞI EK GİRİŞ - KONU TERİMİ
Konusal terim veya coğrafi ad İslam hukuku--Türkiye--Yorum ve yapı--Kaynaklar.
9 (RLIN) 75143
650 #0 - KONU BAŞLIĞI EK GİRİŞ - KONU TERİMİ
Konusal terim veya coğrafi ad Fatwas--Turkey--History.
9 (RLIN) 75144
650 #0 - KONU BAŞLIĞI EK GİRİŞ - KONU TERİMİ
Konusal terim veya coğrafi ad Islamic law--Turkey--Interpretation and construction--Sources
9 (RLIN) 75145
830 1# - SERİ EK GİRİŞİ - TEKBİÇİM ESER ADI
Tekbiçim Başlık Kubbealtı Neşriyatı ;
Volume number/sequential designation No.
9 (RLIN) 36689
830 1# - SERİ EK GİRİŞİ - TEKBİÇİM ESER ADI
Tekbiçim Başlık 181.
9 (RLIN) 19948
942 ## - EK GİRİŞ ÖGELERİ (KOHA)
Source of classification or shelving scheme Library of Congress Classification
Koha item type Book
Holdings
Materyal Türü Kalıcı Konum Mevcut Konum Raf Yeri Sınıflandırma Kaynağı Edinim Bilgisi Ana Konular Alt Konular Yer Numarası Demirbaş Numarası Fatura Tarihi Maliyet, Alış Fiyatı Maliyet, Yenileme Fiyatı Geri Çekilme Durumu Kayıp Durumu Hasarlı Durumu Kredi için değil Kayıt Tarih Toplam Ödünçverme Son Görülme Tarihi Son Kontrol Tarihi Satın Alma Notu
Book Prof. Dr. Azmi Özcan Kütüphanesi Prof. Dr. Azmi Özcan Kütüphanesi Uluğbey Salonu Library of Congress Classification Satın FELSEFE, PSİKOLOJİ, DİN İslam, Bahailik, Teozofi vb. BP165.5 .D46 2012 0040563 24/09/2013 19.32 19.32         30/07/2013   05/12/2024 05/12/2024 73291-73383 (92 sayfa)